[Event "Chigorin Memorial 23rd"]
[Site "St Petersburg"]
[Date "2015.10.08"]
[Round "6"]
[White "Martynov, Petr"]
[Black "Tsyrendashiev, Bato"]
[Result "1-0"]
[WhiteElo "1889"]
[BlackElo "1631"]
[PlyCount "91"]
[EventDate "2015.10.03"]
[EventType "swiss"]
[EventRounds "9"]
[EventCountry "RUS"]
[SourceTitle "CBM 168 Extra"]
[Source "ChessBase"]
[SourceDate "2015.10.29"]
[SourceVersion "1"]
[SourceVersionDate "2015.10.29"]
[SourceQuality "1"]

1. e4 e5 2. Bc4 Nc6 3. Nf3 Nf6 4. d3 Be7 5. 0-0 0-0 6. c3 d6 7. Nbd2 Na5 8. Bb5 a6 9. Ba4 b5 10. Bc2 c5 11. Re1 Bb7 12. Nf1 Nc6 13. Ne3 Re8 14. Nf5 Bf8 15. Bg5 h6 16. Be3 Ne7 17. N3h4 d5 18. Qf3 d4 19. Bd2 Kh7 20. Nxh6 gxh6 21. Qxf6 Bg7 22. Qxf7 Rf8 23. Qh5 Bc6 24. cxd4 Be8 25. Qe2 cxd4 26. Bb4 Bd7 27. Bb3 a5 28. Bxe7 Qxe7 29. Nf5 Qf6 30. Nxg7 Qxg7 31. f3 Ra6 32. Rac1 Rg6 33. Rc7 Kh8 34. Rf1 Qe7 35. Rf2 Qd6 36. Qc2 Bh3 37. Qc5 Qf6 38. Qa7 Be6 39. Rc6 Re8 40. Bxe6 Rxe6 41. Rxe6 Qxe6 42. Qxa5 Qc6 43. g3 Rg8 44. Qb4 Rc8 45. Kg2 h5 46. Qe7 1-0

[Event "SRB Central-ch op-A 8th"]
[Site "Paracin"]
[Date "2015.07.07"]
[Round "5"]
[White "Martynov, Petr"]
[Black "Livaja, Mario"]
[Result "0-1"]
[WhiteElo "1932"]
[BlackElo "2216"]
[PlyCount "46"]
[EventDate "2015.07.03"]
[EventType "swiss"]
[EventRounds "9"]
[EventCountry "SRB"]
[SourceTitle "CBM 167 Extra"]
[Source "ChessBase"]
[SourceDate "2015.09.14"]
[SourceVersion "1"]
[SourceVersionDate "2015.09.14"]
[SourceQuality "1"]

1. e4 c5 2. Nf3 e6 3. d4 cxd4 4. Nxd4 a6 5. Nc3 Qc7 6. Be2 Nc6 7. 0-0 Nf6 8. Kh1 Bb4 9. Nxc6 bxc6 10. Bd3 d5 11. exd5 cxd5 12. Qf3 Bb7 13. Bg5 Be7 14. Rfe1 Rd8 15. Bf4 Bd6 16. Bg5 Be7 17. Bf4 Qb6 18. Qg3 Nh5 19. Qg4 Nxf4 20. Qxf4 Bf6 21. Na4 Qd4 22. Qc7 Rd7 23. Qc5 Qxa4 0-1

[Event "SRB Central-ch op-A 8th"]
[Site "Paracin"]
[Date "2015.07.03"]
[Round "1"]
[White "Martynov, Petr"]
[Black "Persson, Andreas"]
[Result "0-1"]
[WhiteElo "1932"]
[BlackElo "2258"]
[PlyCount "58"]
[EventDate "2015.07.03"]
[EventType "swiss"]
[EventRounds "9"]
[EventCountry "SRB"]
[SourceTitle "CBM 167 Extra"]
[Source "ChessBase"]
[SourceDate "2015.09.14"]
[SourceVersion "1"]
[SourceVersionDate "2015.09.14"]
[SourceQuality "1"]

1. e4 d6 2. d4 Nf6 3. Nc3 g6 4. f4 Bg7 5. Nf3 c5 6. Bb5+ Bd7 7. e5 Ng4 8. Ng5 Bxb5 9. Nxb5 Qa5+ 10. Bd2 Qxb5 11. Qxg4 Nc6 12. dxc5 Qxb2 13. Rd1 dxe5 14. 0-0 0-0 15. fxe5 Qxe5 16. Kh1 h6 17. Rde1 Qd4 18. Qxd4 Bxd4 19. Ne4 Bg7 20. Rb1 f5 21. Nc3 Rad8 22. Be1 Rd7 23. Ne2 Rfd8 24. Nf4 Kf7 25. Nd3 e5 26. Bf2 Ke6 27. g3 g5 28. Kg1 e4 29. Nb4 Nd4 0-1

[Event "Albena op-B"]
[Site "Albena"]
[Date "2015.06.23"]
[Round "7"]
[White "Martynov, Petr"]
[Black "Mackowiak, Marek"]
[Result "0-1"]
[WhiteElo "1983"]
[BlackElo "2163"]
[PlyCount "70"]
[EventDate "2015.06.17"]
[EventType "swiss"]
[EventRounds "9"]
[EventCountry "BUL"]
[SourceTitle "CBM 167 Extra"]
[Source "ChessBase"]
[SourceDate "2015.09.14"]
[SourceVersion "1"]
[SourceVersionDate "2015.09.14"]
[SourceQuality "1"]

1. e4 e5 2. Nf3 d6 3. Bc4 Be7 4. c3 Nf6 5. d3 0-0 6. 0-0 c6 7. Bb3 Qc7 8. Re1 Bg4 9. h3 Bh5 10. Nbd2 Nbd7 11. Nf1 Nc5 12. Bc2 Ne6 13. g4 Bg6 14. Ng3 Nd7 15. Nf5 Bd8 16. d4 exd4 17. cxd4 d5 18. e5 c5 19. dxc5 Qxc5 20. Bb3 Ba5 21. Re2 Nb6 22. Be3 Qb5 23. Nd6 Qa6 24. Bxb6 Qxb6 25. Bxd5 Nf4 26. Re3 Nxh3+ 27. Kg2 Nf4+ 28. Kg3 Nxd5 29. Qxd5 Qxb2 30. Rh1 Bb6 31. Nh4 Bxe3 32. fxe3 Qc3 33. Nhf5 Bxf5 34. Nxf5 Qc7 35. Qd3 g6 0-1

[Event "Lille Luce op 6th"]
[Site "Lille"]
[Date "2015.05.06"]
[Round "3"]
[White "Martynov, Petr"]
[Black "Wambergue, Maurice"]
[Result "1-0"]
[WhiteElo "1885"]
[BlackElo "1871"]
[PlyCount "69"]
[EventDate "2015.05.04"]
[EventType "swiss"]
[EventRounds "9"]
[EventCountry "FRA"]
[SourceTitle "EXT 2017"]
[Source "ChessBase"]
[SourceDate "2016.10.25"]
[SourceVersion "1"]
[SourceVersionDate "2016.10.25"]
[SourceQuality "1"]

1. e4 c5 2. Nf3 d6 3. d4 cxd4 4. Qxd4 Nc6 5. Bb5 Bd7 6. Bxc6 Bxc6 7. Nc3 Nf6 8. Bg5 e5 9. Qd3 h6 10. Bxf6 Qxf6 11. Nd5 Qd8 12. 0-0 Rc8 13. c3 Bxd5 14. Qxd5 Qb6 15. Nd2 Be7 16. Rfd1 Qc6 17. Qd3 0-0 18. Nf1 b5 19. Ne3 Rfd8 20. Nd5 Bf8 21. Rac1 Qc4 22. Qf3 b4 23. Nxb4 a5 24. b3 Qc5 25. Nd5 Qa3 26. Qe2 Rc6 27. h3 Rdc8 28. c4 Qc5 29. Rc3 Qa7 30. Rcd3 a4 31. Nc3 axb3 32. axb3 Qd7 33. Nb5 f5 34. exf5 Qxf5 35. Na7 1-0

[Event "Budapest FS05 FM-B"]
[Site "Budapest"]
[Date "2014.05.11"]
[Round "8"]
[White "Szlenka, Attila"]
[Black "Martynov, Petr"]
[Result "1/2-1/2"]
[WhiteElo "1799"]
[BlackElo "1697"]
[PlyCount "108"]
[EventDate "2014.05.03"]
[EventType "tourn"]
[EventRounds "10"]
[EventCountry "HUN"]
[SourceTitle "CBM 160 Extra"]
[Source "ChessBase"]
[SourceDate "2014.07.01"]
[SourceVersion "1"]
[SourceVersionDate "2014.07.01"]
[SourceQuality "1"]

1. c4 e5 2. Nc3 Nc6 3. g3 Nf6 4. Bg2 Bc5 5. d3 0-0 6. Nf3 d6 7. 0-0 h6 8. a3 a6 9. b4 Ba7 10. Bb2 Rb8 11. e3 Bg4 12. h3 Bh5 13. Qa4 Qd7 14. Kh2 Rfd8 15. Rac1 Bg6 16. Rfd1 Qe8 17. Ba1 Ne7 18. Qb3 Nc8 19. d4 e4 20. Nd2 c6 21. d5 Qe7 22. Ne2 cxd5 23. cxd5 Nb6 24. Bxf6 Qxf6 25. Nf4 Re8 26. a4 Nd7 27. Rc7 Nf8 28. Qc2 Bf5 29. g4 Bh7 30. Bxe4 Bxe4 31. Nxe4 Qe5 32. Ng3 Nh7 33. Qf5 Nf6 34. Kg2 g6 35. Qxe5 dxe5 36. Nfe2 Red8 37. e4 Rdc8 38. Rdc1 Rxc7 39. Rxc7 Bb6 40. Rc4 Ne8 41. Kf3 Nd6 42. Rc2 Kf8 43. Nf1 Ke7 44. Ne3 Bxe3 45. Kxe3 Kd7 46. Kd3 Rf8 47. Ng3 f6 48. f3 f5 49. Ke2 fxg4 50. hxg4 Rh8 51. Rc1 h5 52. gxh5 gxh5 53. Rh1 h4 54. Rh3 Rg8 1/2-1/2

[Event "Budapest FS05 FM-B"]
[Site "Budapest"]
[Date "2014.05.03"]
[Round "1"]
[White "Brassoi Tarnovszki, Aurel"]
[Black "Martynov, Petr"]
[Result "1-0"]
[WhiteElo "1644"]
[BlackElo "1697"]
[PlyCount "61"]
[EventDate "2014.05.03"]
[EventType "tourn"]
[EventRounds "10"]
[EventCountry "HUN"]
[SourceTitle "CBM 160 Extra"]
[Source "ChessBase"]
[SourceDate "2014.07.01"]
[SourceVersion "1"]
[SourceVersionDate "2014.07.01"]
[SourceQuality "1"]

1. e4 e6 2. d4 d5 3. e5 c5 4. c3 Qb6 5. Nf3 Nc6 6. Be2 cxd4 7. cxd4 Nh6 8. Nc3 Nf5 9. Bb5 Bd7 10. Bxc6 bxc6 11. 0-0 Be7 12. a3 0-0 13. b4 a5 14. Na4 Qa7 15. Nc5 axb4 16. Nxd7 Qxd7 17. g4 Nh4 18. Nxh4 Bxh4 19. g5 Rfb8 20. Qg4 b3 21. Rb1 Bxg5 22. Bxg5 Kf8 23. Bf6 g6 24. Qg5 Qa7 25. Qh6+ Ke8 26. Qxh7 Qxa3 27. Qg8+ Qf8 28. Qxf8+ Kxf8 29. Rfc1 Ra4 30. Rc3 b2 31. Rh3 1-0

[Event "EU-ch U14 23rd"]
[Site "Budva"]
[Date "2013.10.07"]
[Round "8"]
[White "Eigminas, Kipras"]
[Black "Martynov, Petr"]
[Result "1-0"]
[WhiteElo "1754"]
[BlackElo "1660"]
[PlyCount "51"]
[EventDate "2013.09.29"]
[EventType "swiss"]
[EventRounds "9"]
[EventCountry "MNE"]
[SourceTitle "EXT 2014"]
[Source "ChessBase"]
[SourceDate "2013.11.20"]
[SourceVersion "1"]
[SourceVersionDate "2013.11.20"]
[SourceQuality "1"]

1. e4 e6 2. d4 d5 3. e5 c5 4. c3 Qb6 5. Nf3 Nc6 6. Be2 cxd4 7. cxd4 Nh6 8. b3 Nf5 9. Bb2 Bb4+ 10. Kf1 Bd7 11. g4 Nh6 12. Rg1 0-0-0 13. a3 Be7 14. Nc3 f6 15. Na4 Qc7 16. b4 Kb8 17. Rc1 a6 18. Nc5 Bxc5 19. Rxc5 Rc8 20. Qd2 Qd8 21. exf6 gxf6 22. Qxh6 e5 23. dxe5 fxe5 24. Nxe5 Re8 25. Qd6+ Ka8 26. Nxd7 1-0

[Event "EU-ch U14 23rd"]
[Site "Budva"]
[Date "2013.10.05"]
[Round "6"]
[White "Shpati, Ted"]
[Black "Martynov, Petr"]
[Result "1-0"]
[WhiteElo "1772"]
[BlackElo "1660"]
[PlyCount "97"]
[EventDate "2013.09.29"]
[EventType "swiss"]
[EventRounds "9"]
[EventCountry "MNE"]
[SourceTitle "EXT 2014"]
[Source "ChessBase"]
[SourceDate "2013.11.20"]
[SourceVersion "1"]
[SourceVersionDate "2013.11.20"]
[SourceQuality "1"]

1. c4 c5 2. Nf3 Nf6 3. Nc3 d5 4. cxd5 Nxd5 5. g3 Nc6 6. Bg2 Nc7 7. 0-0 e5 8. d3 Be7 9. Bd2 0-0 10. Rc1 Bg4 11. h3 Bh5 12. Ne4 Ne6 13. Bc3 Ned4 14. Bxd4 cxd4 15. Nc5 Bxc5 16. Rxc5 Qe7 17. Qc2 Rac8 18. a3 Rc7 19. Nxe5 Bxe2 20. Nxc6 Rxc6 21. Bxc6 Bxf1 22. Kxf1 bxc6 23. Rxc6 Qd7 24. Kg2 Qd5+ 25. Kh2 g6 26. Rc8 Rxc8 27. Qxc8+ Kg7 28. Qc2 a5 29. b4 axb4 30. axb4 Qb5 31. Kg1 Qxb4 32. Kf1 Qa3 33. Ke2 Qe7+ 34. Kf1 Qa7 35. Qe2 Qa1+ 36. Kg2 Qa8+ 37. f3 Qa4 38. g4 Qb5 39. f4 Qb4 40. Kf3 Qa4 41. Qe5+ Kg8 42. Ke4 Qa1 43. Qxd4 Qh1+ 44. Ke5 Qxh3 45. Kf6 Qh4+ 46. g5 h5 47. Qe5 Qg4 48. Qe8+ Kh7 49. Qxf7+ 1-0

[Event "EU-ch U14 23rd"]
[Site "Budva"]
[Date "2013.09.29"]
[Round "1"]
[White "Martynov, Petr"]
[Black "Petrov, Martin"]
[Result "0-1"]
[WhiteElo "1660"]
[BlackElo "1992"]
[PlyCount "60"]
[EventDate "2013.09.29"]
[EventType "swiss"]
[EventRounds "9"]
[EventCountry "MNE"]
[SourceTitle "EXT 2014"]
[Source "ChessBase"]
[SourceDate "2013.11.20"]
[SourceVersion "1"]
[SourceVersionDate "2013.11.20"]
[SourceQuality "1"]

1. e4 c5 2. Nf3 d6 3. d4 cxd4 4. Qxd4 Nc6 5. Bb5 Bd7 6. Bxc6 Bxc6 7. Nc3 Nf6 8. Bg5 e6 9. 0-0-0 Be7 10. Qd3 0-0 11. Nd4 Rc8 12. f4 Qa5 13. h4 Rfd8 14. Qg3 Qc7 15. Rhe1 b5 16. a3 a5 17. Bxf6 Bxf6 18. e5 dxe5 19. fxe5 Be7 20. Nxc6 Rxd1+ 21. Rxd1 Qxc6 22. Qd3 b4 23. axb4 axb4 24. Na2 Qa4 25. Kb1 h6 26. h5 Qa5 27. Nc1 Ra8 28. Nb3 Qa2+ 29. Kc1 Bg5+ 30. Rd2 Qa1+ 0-1

[Event "St Petersburg Spring op"]
[Site "St Petersburg"]
[Date "2012.03.24"]
[Round "3"]
[White "Martynov, Petr"]
[Black "Kopasov, Evgeny Aleksandrovi"]
[Result "0-1"]
[WhiteElo "1771"]
[BlackElo "2029"]
[PlyCount "44"]
[EventDate "2012.03.22"]
[EventType "swiss"]
[EventRounds "9"]
[EventCountry "RUS"]
[SourceTitle "EXT 2013"]
[Source "ChessBase"]
[SourceDate "2012.11.22"]
[SourceVersion "1"]
[SourceVersionDate "2012.11.22"]
[SourceQuality "1"]

1. e4 c5 2. Nf3 Nc6 3. Bb5 g6 4. Bxc6 dxc6 5. d3 Bg7 6. 0-0 Bg4 7. Nbd2 Qc7 8. h3 h5 9. Nc4 0-0-0 10. Re1 Be6 11. Ne3 f6 12. c3 g5 13. Nh2 Nh6 14. d4 f5 15. Nxf5 Bxf5 16. exf5 cxd4 17. cxd4 Nxf5 18. Bxg5 Bxd4 19. Qb3 Rhf8 20. Qe6+ Kb8 21. Rab1 Bxf2+ 22. Kxf2 Nd4+ 0-1